Metody problémové výuky 1 metodická příručka pro lektory
Enregistré dans:
| Auteur principal: | |
|---|---|
| Format: | Livre |
| Langue: | tchèque |
| Publié: |
Praha
Institut pro výchovu vedoucích pracovníků MP ČSR
1981
|
| Tags: |
Pas de tags, Soyez le premier à ajouter un tag!
|
MARC
| LEADER | 00000nam a2200000 4500 | ||
|---|---|---|---|
| 001 | c104584 | ||
| 005 | 20041019155132.4 | ||
| 041 | 0 | |a cze | |
| 044 | |a CZ | ||
| 245 | 1 | 0 | |a Metody problémové výuky 1 |b metodická příručka pro lektory |c Mojmír Jechout |
| 264 | 1 | |a Praha |b Institut pro výchovu vedoucích pracovníků MP ČSR |c 1981 | |
| 300 | |a 113 s. | ||
| 100 | 1 | |a Jechout, Mojmír | |